[Event "RUS-chT Blitz Men 2018"]
[Site "Sochi"]
[Date "2018.10.10"]
[Round "1"]
[White "Mochalin, Faddey"]
[Black "Yuffa, Daniil"]
[Result "1-0"]
[WhiteElo "2032"]
[BlackElo "2563"]
[Annotator "TA"]
[PlyCount "86"]
[EventDate "2018.10.10"]
[EventType "swiss"]
[EventCountry "RUS"]
[SourceTitle "playchess.com"]
[Source "ChessBase"]
[SourceQuality "1"]

{[%evp 21,86,63,75,68,66,65,65,49,68,68,70,55,57,58,68,46,87,50,130,130,137,125,125,118,107,114,124,99,170,139,132,98,132,141,162,170,177,168,308,299,459,496,566,183,618,590,467,111,446,446,422,414,548,566,645,625,1595,1140,1535,1504,5206,5202,3539,3149,29988,2342,2247]} 1. d4 Nf6 2. c4 c5 3. d5 g6 4. Nc3 Bg7 5. e4 d6 6. Nf3 O-O 7. h3 e6 8. Bd3 Na6 9. O-O Nc7 10. Bg5 h6 11. Bh4 {E90: King's Indian: Classical: Early deviations and 6 h3} (11. Be3 exd5 12. exd5 b5 13. Qd2 bxc4 14. Bxc4 Kh7 15. Rfe1 Bb7 16. Rab1 Nd7 17. Na4 Nf6 18. Nc3 Nd7 19. Na4 Nf6 20. Nc3 Nd7 {½-½ (20) Ragger,M (2655)-Ivanisevic,I (2634) Kozloduy 2012}) 11... e5 {LiveBook: 4 Games} 12. Nd2 Qe8 13. a3 {White is slightly better.} Nh5 $146 ({Predecessor:} 13... a5 14. Nb5 Qd7 15. Be2 Nh7 16. b4 axb4 17. axb4 Rxa1 18. Qxa1 Na6 19. bxc5 Nxc5 {½-½ (44) Shneider,A (2545)-Murey,J (2500) Helsinki 1992}) 14. Bc2 Nf4 15. b4 Na6 16. Ba4 Bd7 17. Bxd7 Qxd7 18. Rb1 f5 19. Bg3 $36 {[%mdl 2048] Black is under pressure.} Rac8 (19... Nh5 $14) 20. exf5 $16 Rxf5 21. Nce4 b6 22. b5 Nc7 23. Re1 Rcf8 24. Re3 h5 (24... Ne8 $16) 25. Bh2 Bh6 26. Rbb3 {[%cal Bb1b3,Bb3a3,Ba3a5][%mdl 32]} Kh7 27. a4 Ne8 28. Ra3 Ng7 29. a5 bxa5 (29... R5f7 $142 30. Nf3 Kg8) 30. Rxa5 $18 R5f7 (30... Nxg2 $142 31. Kxg2 Bxe3 32. fxe3 Qe7) 31. Rea3 Nf5 {[#]} 32. f3 $2 (32. Nf6+ $1 {[%mdl 512]} Rxf6 33. Rxa7) 32... Nd4 $2 (32... Qe7 33. Qe1 (33. Rxa7 Qxa7 34. Rxa7 Rxa7 $11) 33... h4) 33. Bxf4 Bxf4 {[#]} 34. Nf1 $2 (34. Nf6+ $1 $18 {[%mdl 512]} Rxf6 35. Rxa7) 34... Kg7 $2 {[%mdl 8192]} (34... Qe7 $16 {is tougher.}) 35. Ra6 Nf5 36. Qa1 Qd8 37. Rxa7 Qh4 38. b6 Ne3 {Now ...Nc2 and Black clings on.} 39. Nxe3 Bxe3+ 40. Rxe3 Qf4 41. Rea3 Kh6 42. Rxf7 Rxf7 43. Ra7 (43. g3 $142 Qf5 44. Nxd6 Kg5 45. Nxf5 Kf6 46. Nd6 Rh7 47. Ne4+ Kg7 48. Qxe5+ Kh6 49. Qf4+ Kg7 50. Ra7+ Kh8 51. Qf8#) 43... Qe3+ {Precision: White = 66%, Black = 24%.} 1-0

[Event "RUS-chT Blitz Men 2018"]
[Site "Sochi"]
[Date "2018.10.10"]
[Round "1"]
[White "Tereshechkina, Maya"]
[Black "Apryshko, Gleb"]
[Result "1-0"]
[WhiteElo "2018"]
[BlackElo "2399"]
[Annotator "TA"]
[PlyCount "95"]
[EventDate "2018.10.10"]
[EventType "swiss"]
[EventCountry "RUS"]
[SourceTitle "playchess.com"]
[Source "ChessBase"]
[SourceQuality "1"]

{[%evp 9,95,62,73,57,66,32,28,22,70,53,82,67,95,32,34,34,24,7,128,53,97,95,125,133,120,93,117,120,121,95,116,116,126,112,125,116,116,123,135,14,14,14,29,27,100,93,101,98,153,0,0,0,36,0,0,0,0,0,0,-48,0,0,0,-29,0,0,0,0,10,17,25,35,125,-8,124,-79,-8,-145,-172,-532,-516,-583,-269,-265,29997,29998,29998,29999]} 1. d4 b6 2. Nf3 Bb7 3. c4 e6 4. Nc3 g6 (4... Nf6 5. e3 Bb4 6. Bd3 O-O 7. O-O d6 8. Qc2 Bxc3 9. Qxc3 Bxf3 10. gxf3 e5 11. Kh1 Nc6 12. Rg1 Re8 13. d5 Ne7 14. f4 Qd7 15. fxe5 dxe5 16. Qxe5 Ng6 17. Qg3 {½-½ (95) Caruana,F (2802)-Nakamura,H (2786) chess.com INT 2017}) 5. e4 Bg7 6. Bg5 {A40: Unusual replies to 1 d4} Ne7 7. Be2 h6 8. Be3 {White has an edge.} d6 9. O-O Nd7 10. Qd2 f5 11. exf5 $146 (11. d5 $1 $16) ({Predecessor:} 11. Bd3 Nf6 12. Qc2 O-O {0-1 (33) Kuttnig,R (2071)-Moser,E (2309) Linz 2001}) 11... Nxf5 $14 12. d5 exd5 13. Nxd5 Nf6 (13... c6 $11 {remains equal.} 14. Nf4 Qf6) 14. Nf4 (14. Nd4 $16) 14... Ne4 {[#]} 15. Qc2 $1 $36 {[%mdl 2048] Keeping Black busy.} Nxe3 16. fxe3 O-O 17. Ne6 Qe7 18. Nxf8 Rxf8 19. Bd3 Re8 20. Rae1 a5 21. Nd2 Nxd2 22. Qxd2 Qg5 23. Qf2 Re7 24. Qg3 ({White should play} 24. h3 $16) 24... Qxg3 $11 25. hxg3 Bxb2 26. Bxg6 Rg7 (26... Kg7 $11 27. Bd3 Be5) 27. Bf5 $16 Rxg3 28. Re2 Be5 (28... Bf6 $142) 29. e4 $2 (29. Be6+ $16 Kg7 30. Rf7+ Kg6 31. Rxc7) 29... Kg7 $11 30. Rf3 Rg5 31. Kf1 Bc6 32. Be6 Be8 $1 33. Rf5 Rg3 34. Rf3 Rg5 {[%mdl 1024] Black has compensation.} 35. Rf5 Rg3 36. Rf3 Rg5 37. Rf5 Rg6 38. Bc8 $1 b5 39. c5 b4 {Hoping for ...Bb5.} 40. cxd6 Bxd6 ({Better is} 40... cxd6 $14 41. Rc2 Rg3) 41. Re3 (41. Rxa5 $16 {Strongly threatening e5.} Rf6+ 42. Kg1) 41... Bf7 (41... c5 $11) 42. Bb7 $2 {[#]} (42. Rxa5 $16 {is necessary to keep the advantage. Black must now prevent e5.} c6 43. Rf3) 42... Bxa2 (42... Bc4+ $1 $17 43. Kf2 Rg5 44. Rxg5+ hxg5) 43. Bd5 (43. Rxa5 $11 Bc4+ 44. Kf2) 43... Bxd5 $17 44. exd5 $2 (44. Rxd5 {was the crucial defense.} a4 45. e5) 44... Rg4 45. Ref3 Kg6 (45... a4 $142 46. Ke2 a3) 46. Rf6+ $19 Kg5 $4 {[%mdl 8192]} (46... Kh7 $19 47. Rh3 a4 48. Rfxh6+ Kg7 49. Rh7+ Kf6) 47. R3f5+ Kh4 48. Rxh6+ {Precision: White = 39%, Black = 30%.} 1-0

[Event "RUS-chT Blitz Men 2018"]
[Site "Sochi"]
[Date "2018.10.10"]
[Round "1"]
[White "Girshgorn, Leonid"]
[Black "Paravyan, David"]
[Result "0-1"]
[WhiteElo "1925"]
[BlackElo "2629"]
[Annotator "TA"]
[PlyCount "102"]
[EventDate "2018.10.10"]
[EventType "swiss"]
[EventCountry "RUS"]
[SourceTitle "playchess.com"]
[Source "ChessBase"]
[SourceQuality "1"]

{[%evp 13,102,7,14,21,24,6,23,16,4,-8,27,-66,-54,-68,-62,-69,-28,-17,0,0,0,-115,107,65,105,56,70,-175,-24,-18,221,225,447,443,543,363,540,540,701,485,1428,1418,1414,1387,1272,1343,1609,1318,1652,371,1756,282,273,278,836,346,255,0,0,0,0,-165,-154,-223,-207,-312,-305,-309,-283,-345,-297,-278,-268,-226,-206,-389,-356,-448,-447,-970,-510,-1659,-796,-583,-725,-768,-693,-578,-306,-12849,-12849]} 1. d4 d5 2. c4 c6 3. Nc3 Nf6 4. Nf3 dxc4 5. a4 Bf5 6. Nh4 Bg4 7. h3 Bh5 8. g4 {D17: Slav Defence: 5 a4 Bf5: Lines with 6 Nh4 and 6 Ne5} Bg6 9. Nxg6 hxg6 10. e3 {White has an edge.} e6 11. Bxc4 a5 12. O-O $146 (12. g5 $11 Nd5 13. e4) ({Predecessor:} 12. g5 Nd5 13. h4 Nd7 14. Qf3 N7b6 15. Bb3 Nb4 {1-0 (48) Bukavshin,I (2593)-Nezar,M (2392) Nancy 2014}) 12... Rxh3 $15 13. Kg2 Rh4 14. f3 Na6 15. e4 Nb4 16. Bg5 Rh8 17. e5 {[#]} (17. Qd2 $11 {remains equal.}) 17... Qc7 $2 (17... Nxg4 $1 $17 {[%mdl 512] stays on course.} 18. fxg4 Qxg5) 18. Rh1 $36 {[%mdl 2048] White has the initiative.} Rxh1 19. Qxh1 Nfd5 20. Ne4 $2 (20. Qh8 $1 $14 {was forced to keep a grip.}) 20... Kd7 $2 (20... Qb6 $19 21. Nd6+ Kd7) 21. Qh8 {Black must now prevent Qg8.} Re8 $2 {[#]} (21... Qc8 $11 {and Black is okay.}) 22. Qg8 $1 $18 Be7 $2 (22... f6 {was called for.}) 23. Qxf7 b6 24. Qxg7 {Hoping for Nf6+.} Kc8 (24... Kd8 $142 25. Qxg6 Bxg5 26. Qxg5+ Qe7) 25. Qxg6 Qd7 26. Rh1 Nc2 (26... Bxg5 $142 27. Qxg5 Kb8) 27. Bxd5 exd5 28. Nf6 Bxf6 29. Bxf6 Qe6 30. Rh7 {White threatens Qg7 and mate.} Rg8 31. Qf7 $2 (31. Qxc2 {Re7 would kill now.} Kb8 32. Qb3) 31... Rxg4+ $2 (31... Qxf7 32. Rxf7 Nxd4) 32. Kf2 $2 (32. fxg4 {[%csl Gh7][%cal Rf7c7]} Qxf7 33. Rxf7 Nxd4 34. g5) 32... Qxf7 33. Rxf7 {[%mdl 4096] Endgame KRB-KRN} Rf4 $2 (33... Rg8 34. e6 Re8) 34. Rf8+ (34. Kg3 $142) 34... Kd7 35. Rf7+ $2 ({Better is} 35. Rd8+ $18 Kc7 36. e6 Rxf6 37. e7) 35... Ke6 36. Re7+ Kf5 37. Rb7 $2 (37. Rf7 $11 {and White has nothing to worry.} Ke6 38. Re7+ Kf5 39. Rf7 Ke6) 37... Nxd4 $19 38. Rxb6 (38. Bd8 $17 Rxf3+ 39. Ke1) 38... Rxf3+ 39. Kg2 {[#]} (39. Ke1 {was necessary.}) 39... Rb3 $1 {[%cal Rb3b6]} 40. Ra6 Rxb2+ 41. Kg3 Rb3+ 42. Kf2 c5 {[%cal Bc6c5,Bc5c4][%mdl 32]} 43. Rxa5 Ne6 44. Ra6 $2 (44. Be7) 44... Ra3 45. Ke2 c4 46. Kd2 (46. Ra8 $142) 46... d4 {Strongly threatening ...c3+.} 47. a5 (47. Rc6 $142 c3+ 48. Kd3) 47... Ra2+ (47... c3+ $142 48. Ke2 Nc5) 48. Kc1 Nc5 {( -> ...c3)} 49. Rc6 Nb3+ 50. Kb1 Rxa5 51. Rxc4 $2 (51. Rd6) 51... Nd2+ {Precision: White = 30%, Black = 22%.} 0-1

[Event "RUS-chT Blitz Men 2018"]
[Site "Sochi"]
[Date "2018.10.10"]
[Round "1"]
[White "Grigoriants, Boris"]
[Black "Oganian, Miran"]
[Result "0-1"]
[WhiteElo "1914"]
[BlackElo "2435"]
[Annotator "TA"]
[PlyCount "101"]
[EventDate "2018.10.10"]
[EventType "swiss"]
[EventCountry "RUS"]
[SourceTitle "playchess.com"]
[Source "ChessBase"]
[SourceQuality "1"]

{[%evp 15,101,-29,10,10,16,-10,6,-14,0,-25,-40,-34,8,-14,-23,-25,-6,-12,25,-37,0,-33,-15,-6,-12,-19,0,-45,-41,-37,-7,-16,0,0,0,0,0,0,199,194,139,147,392,389,445,442,401,300,272,296,265,170,242,251,222,93,145,0,85,-355,-125,-326,-308,-559,-559,-551,-502,-421,-402,-846,-874,-869,-860,-868,-860,-737,-514,-706,-589,-1147,-1119,-960,-841,-5385,-3380,-29985,-29986,-29991]} 1. Nf3 Nf6 2. g3 e6 3. Bg2 d5 4. d3 Be7 5. O-O O-O 6. Nbd2 c5 7. e4 Nc6 8. e5 Ne8 {[%cal Bf6e8,Be8c7,Bc7b5,Bb5d4,Bd4f3][%mdl 32]} 9. Re1 {C00: French: Unusual White 2nd moves} Nc7 10. h4 b5 11. Nf1 {The position is equal.} b4 12. N1h2 (12. Ng5 Nb5 13. Qh5 h6 14. Nh3 Ncd4 15. Ne3 a5 16. Bd2 Ra6 17. c3 Nf5 18. Nxf5 exf5 {½-½ (28) Petkov,V (2570)-Sargissian,G (2676) Warsaw 2013}) 12... Nb5 13. Ng4 Nbd4 $146 ({Predecessor:} 13... Ncd4 14. Ng5 a5 15. Bd2 Ba6 16. Ne3 Bxg5 17. hxg5 Qxg5 18. Nxd5 {0-1 (41) Hess,C (2235)-Barthel,A (2186) Metz 2014}) 14. h5 Nxf3+ 15. Qxf3 Nd4 16. Qd1 a5 17. Be3 (17. c3 $11 Nf5 18. Ne3) 17... Nf5 18. c4 Bb7 (18... bxc3 $5 19. bxc3 Nxe3 20. Nxe3 Rb8 $11) 19. h6 g6 20. a3 Qb6 21. a4 dxc4 {Strongly threatening ...Bxg2.} 22. dxc4 Bxg2 23. Kxg2 Rad8 24. Qf3 b3 25. Red1 Qb4 26. Qe4 Nd4 $2 (26... Rfe8 $11 {and Black has nothing to worry.}) 27. Bxd4 $18 cxd4 (27... Rxd4 $18 28. Rxd4 cxd4) 28. Rxd4 $16 Rc8 $2 (28... Rxd4 $16 29. Qxd4 Rd8) 29. Qf4 $18 Qc5 30. Nf6+ Kh8 31. Nd7 Qc6+ 32. f3 g5 33. Qg4 Rfd8 (33... Rg8 $142 34. Qe4 Rg6 35. Qxc6 Rxc6) 34. Rad1 Rg8 35. Qh5 (35. Qe4 $18 {has better winning chances.}) 35... Rg6 $16 {[#]} 36. Qg4 (36. c5 $1 $16) 36... Rxh6 {[#]} (36... Rgg8 $1 $11 {remains equal.}) 37. Kf2 $2 {[%mdl 8192]} (37. c5 $1 $16 {[%mdl 512] and life is bright.}) 37... Qxa4 $2 (37... Rh2+ $19 38. Ke3 h5) 38. c5 $2 (38. Kg2 $17 {was necessary.} Qa2 39. R4d2) 38... Qb5 $19 39. Qe4 $2 (39. Kg1) 39... Rh2+ 40. Kg1 Qe2 41. Qxe2 Rxe2 42. Nf6 (42. Nb6 $142 Rc7 43. Na4) 42... Bxc5 43. Kf1 Bxd4 44. Kxe2 Bxe5 {[%mdl 4096] Endgame KRB-KRN} 45. Ne4 h6 46. Rd7 Kg8 47. Ke3 Bxb2 48. Nd6 Rb8 {aiming for ...Bc1+.} 49. Rxf7 Be5 50. Rd7 Bxd6 51. Kd4 {Precision: White = 29%, Black = 34%.} 0-1

[Event "RUS-chT Blitz Men 2018"]
[Site "Sochi"]
[Date "2018.10.10"]
[Round "1"]
[White "Babayan, Arman S."]
[Black "Vastrukhin, Oleg"]
[Result "0-1"]
[WhiteElo "1673"]
[BlackElo "2413"]
[Annotator "TA"]
[PlyCount "56"]
[EventDate "2018.10.10"]
[EventType "swiss"]
[EventCountry "RUS"]
[SourceTitle "playchess.com"]
[Source "ChessBase"]
[SourceQuality "1"]

{[%evp 11,56,0,16,-2,-2,-4,-1,-23,-24,-59,-32,-37,-43,-74,-74,-211,-214,-194,-221,-300,-304,-304,-298,-282,-294,-287,-283,-262,-236,-441,-364,-366,-353,-700,-691,-714,-712,-722,-716,-840,-806,-1254,-1201,-1263,-1243,-1561,-1406]} 1. c4 g6 2. Nc3 Bg7 3. d4 c5 4. Nf3 cxd4 5. Nxd4 Nc6 6. e3 Nh6 {[%cal Bg8h6,Bh6g4,Bg4e5,Be5d3][%mdl 32]} 7. Nxc6 {A35: Symmetrical English: 2 Nc3 Nc6 3 Nf3} (7. Nc2 Bxc3+ 8. bxc3 Qa5 9. Bd2 Nf5 10. h4 h5 11. Nd4 Nd6 12. f3 Qe5 13. Kf2 b6 14. Nb5 O-O 15. Nxd6 Qxd6 {0-1 (37) Gonzalez Zamora,J (2544)-Granda Zuniga,J (2663) Tromsoe 2014}) 7... dxc6 8. Qxd8+ Kxd8 9. Bd3 $146 {The position is equal.} ({Predecessor:} 9. Bd2 Kc7 10. Bd3 Rd8 11. Ke2 Ng4 12. Nd1 Ne5 13. Bc3 Bf6 14. Bxe5+ Bxe5 {0-1 (58) Ordaz Valdes,L (2300)-Gomez Ledo,R (2404) Havana 2008}) 9... Kc7 10. Ke2 Rd8 11. Rd1 Ng4 $36 {[%mdl 2048] Black has the initiative.} 12. h3 Ne5 {Threatens to win with ...Be6.} 13. f4 (13. Rb1 $17) 13... Nxd3 $19 14. Rxd3 Be6 15. b3 Rxd3 16. Kxd3 Rd8+ 17. Kc2 Bf5+ 18. e4 {[#]} Bxe4+ $1 {[%mdl 512]} 19. Nxe4 {And now Rb1 would win.} Bxa1 {[%mdl 4096] Endgame KRB-KBN} 20. Ba3 $2 (20. Ng5 {was the only chance.}) 20... Bf6 21. Nxf6 exf6 {KR-KB} 22. Be7 $2 {[#]} (22. Bb2) 22... Re8 {Black is clearly winning.} 23. Bxf6 Re2+ 24. Kc3 Rxg2 25. a3 Rg3+ 26. Kb4 Rxh3 27. Be5+ Kd7 28. Ka4 h5 {Precision: White = 13%, Black = 90%.} 0-1

[Event "RUS-chT Blitz Men 2018"]
[Site "Sochi"]
[Date "2018.10.10"]
[Round "2"]
[White "Dubov, Daniil"]
[Black "Sychev, Klementy"]
[Result "1-0"]
[WhiteElo "2703"]
[BlackElo "2534"]
[Annotator "TA"]
[PlyCount "171"]
[EventDate "2018.10.10"]
[EventType "swiss"]
[EventCountry "RUS"]
[SourceTitle "playchess.com"]
[Source "ChessBase"]
[SourceQuality "1"]

{[%evp 18,171,43,30,38,32,31,0,0,0,0,0,0,0,0,0,0,0,0,0,8,0,0,0,0,0,0,0,4,0,0,0,0,0,0,0,0,0,0,0,0,-8,0,0,0,0,0,0,0,0,0,-8,-8,-48,-28,-43,-45,-68,-71,-79,-78,-120,-118,-108,-109,-102,0,-123,0,-84,0,-135,0,0,0,0,0,0,0,0,53,53,220,225,206,190,330,306,447,439,501,538,566,523,453,441,1071,1064,985,870,1072,936,3237,2667,29965,29966,29966,29966,29966,29967,29957,12843,11818,9014,5085,5679,29976,29977,29983,29984,29983,29975,29977,29980,29980,29981,29981,29982,29983,29984,29985,29986,29986,29985,29985,29986,29986,29987,29987,29988,29989,29990,29990,29991,29993,29993,29994,29995,29995,29996,29996,29997,29997,29998,29998,29999]} 1. Nf3 Nf6 2. c4 g6 3. Nc3 Bg7 4. e4 d6 5. d4 Bg4 6. Be3 O-O 7. Be2 Nfd7 8. Ng1 Bxe2 9. Ngxe2 c5 10. O-O cxd4 {E91: King's Indian: Classical: 6 Be2, unusual replies including 6...c5 and 6...Bg4} 11. Bxd4 Nf6 12. Nd5 (12. f3 Nc6 13. Be3 Rc8 14. Qd2 Qa5 15. b3 a6 16. a4 Nd7 17. Rab1 Rfe8 18. Rfc1 Nc5 19. Qd1 Qd8 20. Qd2 Qa5 21. Qd1 Qd8 22. Qd2 {½-½ (22) Banusz,T (2585)-Guseinov,G (2614) Dubai 2015}) 12... Nxe4 $146 {The position is equal.} ({Predecessor:} 12... Nbd7 13. Nec3 Rc8 14. b3 a6 15. Re1 Re8 16. a4 e6 17. Nxf6+ Nxf6 18. a5 {½-½ (25) Wirthensohn,H (2410)-Zueger,B (2415) Nuremberg 1990}) 13. Bxg7 Kxg7 14. Qd4+ Nf6 15. Nxf6 exf6 16. Rad1 Nc6 17. Qxd6 Re8 (17... Qa5 {seems wilder.} 18. Nc3 Rfd8 19. Qg3 Ne5 20. Qf4 Nd3) 18. Nc3 Qxd6 19. Rxd6 Rad8 20. Rdd1 f5 21. b3 Nb4 22. g3 h5 23. Kg2 b6 24. Kf3 Rd3+ 25. Rxd3 Nxd3 $11 {[%mdl 4096] Endgame KRN-KRN} 26. Kg2 Ne1+ 27. Kg1 Nf3+ 28. Kg2 Ne1+ 29. Kh1 Nd3 30. Kg1 Ne1 31. f4 h4 32. gxh4 Nd3 33. h5 gxh5 34. Rd1 Nxf4 {Threatening ...Ne2+.} 35. Kf2 Re7 36. Nb5 h4 37. Kf3 Ne6 38. Rd5 Kg6 39. Nd6 Ng5+ 40. Kf2 Ne4+ 41. Kf3 Ng5+ 42. Kf2 $1 Ne4+ 43. Kf3 Ng5+ (43... Re6 $142 44. Nb5 Ng5+ 45. Kf2 f4) 44. Kf2 $1 $17 {[#]} Rd7 (44... Re6 $1 $17 45. Nb5 f4) 45. Nxf5 Rxd5 46. Ne7+ Kf6 47. Nxd5+ $11 {KN-KN} Ke5 48. Ke3 f5 ({Better is} 48... b5 $11) 49. Nf4 $14 Nf7 $2 {[#]} ({Black should try} 49... Kf6 $14) 50. Ng6+ $1 $18 Kf6 51. Nxh4 Ne5 (51... Kg5 {keeps fighting.}) 52. Nf3 Ng4+ (52... Nc6 {might work better.} 53. Nd4 Ne5) 53. Kd4 Nf2 54. b4 Ke6 55. c5 bxc5+ 56. bxc5 Ne4 (56... Nh3 $142 57. Ne1 Nf4) 57. h4 Ng3 58. a3 f4 59. Ng5+ Kf5 60. c6 Kg4 61. c7 Nf5+ 62. Kc5 Ne7 63. Kd6 Nc8+ 64. Kd7 Nb6+ 65. Kc6 Kxh4 66. Ne4 f3 {[#]} 67. a4 $1 {[%mdl 512] White mates.} Kg4 (67... Nxa4 68. c8=Q) 68. a5 Nc8 69. Kb7 Ne7 70. c8=Q+ Nxc8 71. Kxc8 {KN-KPP} Kf4 72. Nf2 Ke5 73. Kb7 Kd6 74. Kxa7 {KN-KP} Kc6 75. Ka6 Kc7 76. Kb5 Kb7 77. a6+ Ka7 78. Ka5 Ka8 79. Kb6 Kb8 80. Nd3 Ka8 81. Nb4 f2 82. Nd5 f1=Q 83. Nc7+ Kb8 84. a7+ Kc8 85. a8=Q+ Kd7 86. Qe8+ {Precision: White = 75%, Black = 49%.} 1-0

[Event "RUS-chT Blitz Men 2018"]
[Site "Sochi"]
[Date "2018.10.10"]
[Round "2"]
[White "Kamsky, Gata"]
[Black "Antipov, Mikhail Al."]
[Result "1/2-1/2"]
[WhiteElo "2666"]
[BlackElo "2593"]
[Annotator "TA"]
[PlyCount "144"]
[EventDate "2018.10.10"]
[EventType "swiss"]
[EventCountry "RUS"]
[SourceTitle "playchess.com"]
[Source "ChessBase"]
[SourceQuality "1"]

{[%evp 9,144,11,8,-16,-18,-9,-17,-27,-29,-30,-28,-29,-10,-39,0,-14,-3,-8,0,-18,0,-46,-17,-52,-21,-21,5,-25,-26,-23,-33,-85,-85,-90,-24,-34,-13,-14,0,0,0,-6,-7,-5,-8,-16,-14,-40,-40,-69,-67,-68,-62,-82,-78,-91,-58,-49,-49,-86,-84,-82,-78,-140,-71,-130,-127,-137,-108,-215,-51,-99,-102,-139,-65,-69,-52,-51,-52,-62,-38,-38,-38,-38,-38,-38,-8,-8,0,-38,-38,-38,-38,-38,-38,-38,-38,-38,-38,-38,-38,-38,-38,-38,-38,-38,-38,-38,0,0,0,0,0,0,0,0,0,-8,-8,-38,-38,-38,-38,-38,-38,-38,-38,-38,-38,-38,0,0,0,0,0,0,0]} 1. d4 Nf6 2. Nf3 c6 3. Bf4 Qb6 (3... g6 4. Nbd2 Bg7 5. c3 O-O 6. e4 d6 7. Be2 Nbd7 8. O-O Re8 9. h3 e5 10. dxe5 Nxe5 11. Nxe5 dxe5 {1-0 (40) Caruana,F (2811)-Gabuzyan,H (2571) chess.com INT 2018}) 4. Qc1 d6 5. e3 Nh5 6. Bg3 {A46: 1 d4 Nf6 2 Nf3 e6: Torre, London and Colle Systems} Nxg3 7. hxg3 g6 8. c3 $146 ({Predecessor:} 8. Bd3 Bg7 9. Nbd2 O-O 10. c3 Nd7 11. Qc2 d5 12. O-O-O {1-0 (33) Nguyen,M (2126)-Tu,H (2327) Can Tho 2012}) 8... Bg7 9. Nbd2 Nd7 10. Qc2 Qc7 11. Bd3 c5 12. g4 Rb8 13. g5 b5 14. a3 a5 15. O-O O-O 16. Rfe1 Bb7 17. a4 bxa4 18. Rxa4 Bc6 19. Ra2 a4 20. Be4 (20. e4 $15) 20... d5 $17 21. Bd3 Rb7 (21... e5 $17 {White must now prevent ...e4.} 22. e4 Rfc8) 22. e4 $11 cxd4 (22... e6 {feels hotter.} 23. e5 Rfb8 24. Rb1 Qd8 25. Qc1 h6) 23. cxd4 dxe4 24. Bxe4 Bxe4 25. Qxc7 Rxc7 26. Nxe4 Nb6 27. Nc3 Ra8 28. Re2 e6 29. g3 Rc4 30. Rd2 Rd8 31. Ne4 Rb4 32. Kg2 h6 33. gxh6 Bxh6 34. Rc2 Bg7 35. Rc7 Bxd4 {...Nd5 is the strong threat.} 36. Nxd4 ({White should play} 36. Nc3) 36... Rbxd4 ({Better is} 36... Rdxd4 37. Ng5 Rd7 38. Rxd7 Nxd7) 37. Ng5 (37. Nc5 $142) 37... R8d7 $17 38. Rc6 Rb7 39. Ra3 {[#]} (39. Nf3 $17 {was called for.} Re4 40. Rc5) 39... Nd7 $2 ({Black should try} 39... Rb4 $1 $19 40. Ra2 Nc4 41. Rc8+ Kg7) 40. Nf3 Rdb4 41. Ra6 Nf6 (41... Nb6 $17 42. Ra2 Kg7) 42. R3xa4 Rxa4 43. Rxa4 Rxb2 $15 {[%mdl 4096] Endgame KRN-KRN} 44. Ne5 Rb5 45. f4 Rb7 46. Kf3 Kg7 47. g4 {[%cal Bg3g4,Bg4g5][%mdl 32]} Rb3+ 48. Kf2 Rb7 49. g5 Nd5 50. Kf3 Rb3+ 51. Kf2 Rb4 52. Rxb4 Nxb4 {KN-KN} 53. Kf3 Kf8 54. Ke4 Ke7 55. Kf3 Na6 56. Ke4 Nc5+ 57. Kd4 Nb7 58. Nc6+ Kd6 59. Ne5 Nd8 60. Ke4 $1 Kc5 61. Nd7+ Kc6 62. Ne5+ Kd6 63. Nc4+ Ke7 64. Ne5 Nb7 65. Nc6+ Ke8 66. Ne5 Nd6+ 67. Kd4 Ke7 68. Nc6+ Kd7 69. Ne5+ Kc7 70. Kc5 {The position is equal.} Nb7+ 71. Kd4 Nd8 72. Kc5 Nb7+ {Precision: White = 41%, Black = 53%.} 1/2-1/2

[Event "RUS-chT Blitz Men 2018"]
[Site "Sochi"]
[Date "2018.10.10"]
[Round "2"]
[White "Zvjaginsev, Vadim"]
[Black "Chigaev, Maksim"]
[Result "1-0"]
[WhiteElo "2644"]
[BlackElo "2599"]
[Annotator "TA"]
[PlyCount "103"]
[EventDate "2018.10.10"]
[EventType "swiss"]
[EventCountry "RUS"]
[SourceTitle "playchess.com"]
[Source "ChessBase"]
[SourceQuality "1"]

{[%evp 14,103,34,16,54,43,72,35,55,56,60,55,56,53,61,10,55,60,58,55,55,54,64,68,68,73,81,48,52,49,43,30,108,105,103,23,95,97,109,93,103,91,349,350,349,349,336,341,362,376,368,366,345,332,329,305,326,334,362,337,408,408,388,370,419,422,431,420,440,439,452,444,547,577,604,616,608,603,622,617,706,690,1125,1121,947,1110,6632,6644,29983,29984,29983,29984]} 1. e4 g6 2. d4 Bg7 3. Nf3 d6 4. Be2 Nf6 5. Nc3 O-O 6. O-O Nbd7 7. Bf4 c6 8. Qd2 a6 {B08: Pirc Defence: Classical System} (8... Qc7 9. e5 Nh5 10. exd6 exd6 11. Bh6 d5 12. Bxg7 {½-½ (12) Alekseev,E (2653)-Svidler,P (2734) Sochi 2015}) 9. Rad1 $146 ({Predecessor:} 9. a4 e5 10. dxe5 dxe5 11. Nxe5 Nxe4 12. Nxe4 Nxe5 13. Rfd1 Be6 14. Qe3 Qe7 {1-0 (41) Hebel,E (1937)-Egelhof,H (1962) GER email 2012}) 9... b5 10. a3 (10. e5 $5 {[%cal Re5f6]}) 10... Bb7 {White is slightly better.} 11. e5 dxe5 12. dxe5 Nd5 $1 13. Nxd5 cxd5 14. Bh6 (14. c3 $14) 14... e6 15. Bxg7 Kxg7 16. Rfe1 Rc8 17. c3 Nc5 18. Qf4 f5 19. exf6+ Qxf6 20. Qxf6+ Kxf6 21. Bd3 Nd7 22. h4 e5 (22... Rfe8 $11 {keeps the balance.}) 23. Ng5 $16 Rh8 {[#]} 24. Re3 (24. f4 $1 $16) 24... h6 (24... Kg7 $11) 25. Rf3+ Ke7 {[#]} 26. Rf7+ $1 Kd6 27. Nf3 $36 {[%mdl 2048] Keeping Black busy.} ({Don't go for} 27. Bxg6 $2 hxg5 28. Bf5 Bc6 $19) 27... Rcf8 $2 {[%mdl 8192] [#]} (27... Bc6 $16 {keeps fighting.}) 28. Rxd7+ $1 $18 {[%mdl 512]} Kxd7 29. Nxe5+ Kd6 30. Nxg6 Rhg8 31. Nxf8 Rxf8 {[%mdl 4096] Endgame KRB-KRB} 32. Be2 Bc6 33. Bf3 a5 34. b4 axb4 35. axb4 Ra8 36. Kf1 Ra3 37. Rd3 Ke5 38. g3 Bb7 39. Ke2 Ra2+ 40. Ke3 Ra6 41. Bg2 Re6 {and if ...d4+ works, Black does fine.} 42. f4+ Kf6+ 43. Kf2 Ra6 44. Bxd5 Bc8 45. Bf3 Ra2+ 46. Ke3 Ra3 47. g4 {[%cal Bg3g4,Bg4g5][%mdl 32]} h5 48. g5+ Ke7 49. Be4 Ra1 50. f5 Re1+ 51. Kf4 Rf1+ 52. Ke5 {Precision: White = 79%, Black = 18%.} 1-0